| 000 | 01012nam a2200229 a 4500 | ||
|---|---|---|---|
| 001 | 64770 | ||
| 003 | BD-RjUL | ||
| 005 | 20211209081341.0 | ||
| 008 | 170220s2004 bg ||||| |||| 00| 0 eng d | ||
| 020 | _cTk. 100.00 | ||
| 035 | _a(BD-RjUL)64900 | ||
| 040 |
_aBD-RjUL _bben/eng _cBD-RjUL _dBD-RjUL |
||
| 041 | _aben | ||
| 082 |
_223 _a370.92 _bDRA 2004 |
||
| 245 | 0 | 0 |
_aড. এ. এন. সামসুল হক জীবন ও কর্ম / _cমো. মকসুদুর রহমান সম্পাদিত |
| 260 |
_aরাজশাহী : _bরাষ্ট্রবিজ্ঞান বিভাগ, রাজশাহী বিশ্ববিদ্যালয়, _c২০০৪ . |
||
| 300 |
_a[১৮], x, ১৯১ পৃ. : _bচিত্র ; _c২৩ সেমি. |
||
| 650 |
_aশিক্ষাবিদ _vজীবনী _9192034 |
||
| 650 |
_aEducators _vBiography _9192035 |
||
| 700 |
_aরহমান, মো. মকসুদুর, সম্পাদক _9236072 |
||
| 942 |
_2ddc _cBK |
||
| 999 |
_c64770 _d64770 |
||